<?xml version="1.0" encoding="UTF-8"?>
<marc:record xmlns:marc="http://www.loc.gov/MARC21/slim">
   <marc:leader>00000nam a2200000 a 4500</marc:leader>
   <marc:datafield ind1="1" ind2=" " tag="100">
      <marc:subfield code="a">Brown, Peter</marc:subfield>
      <marc:subfield code="4">aut</marc:subfield>
      <marc:subfield code="e">Verfasser/-in</marc:subfield>
   </marc:datafield>
   <marc:datafield ind1="1" ind2=" " tag="100">
      <marc:subfield code="a">Schuler, Karin</marc:subfield>
      <marc:subfield code="4">trl</marc:subfield>
      <marc:subfield code="e">Übersetzer/-in</marc:subfield>
   </marc:datafield>
   <marc:datafield ind1="1" ind2=" " tag="100">
      <marc:subfield code="a">Bayer, Michael</marc:subfield>
      <marc:subfield code="4">trl</marc:subfield>
      <marc:subfield code="e">Übersetzer/-in</marc:subfield>
   </marc:datafield>
   <marc:datafield ind1=" " ind2=" " tag="653">
      <marc:subfield code="a">Christentum</marc:subfield>
   </marc:datafield>
   <marc:datafield ind1=" " ind2=" " tag="653">
      <marc:subfield code="a">Römische Geschichte</marc:subfield>
   </marc:datafield>
   <marc:datafield ind1="0" ind2="0" tag="245">
      <marc:subfield code="a">Der Schatz im Himmel</marc:subfield>
   </marc:datafield>
   <marc:datafield ind1="0" ind2="0" tag="245">
      <marc:subfield code="b">Der Aufstieg des Christentums und der Untergang des römischen Reiches</marc:subfield>
   </marc:datafield>
   <marc:datafield ind1="0" ind2="0" tag="245">
      <marc:subfield code="c">Peter Brown</marc:subfield>
   </marc:datafield>
   <marc:datafield ind1=" " ind2="1" tag="264">
      <marc:subfield code="a">Stuttgart</marc:subfield>
      <marc:subfield code="b">Klett-Cotta</marc:subfield>
      <marc:subfield code="c">2017</marc:subfield>
   </marc:datafield>
   <marc:datafield ind1=" " ind2=" " tag="250">
      <marc:subfield code="a">Ill.; Bibl.; Reg.</marc:subfield>
   </marc:datafield>
   <marc:datafield ind1="1" ind2=" " tag="520">
      <marc:subfield code="a">Mit eindrucksvoller Darstellungskunst dringt Peter Brown tief in die konfliktreiche Zeit der ebenso heidnisch wie christlich geprägten Welt des Römischen Reiches ein. Neue christliche Ideale prallten auf eine spätantike Lebenswirklichkeit. Hautnah nehmen wir an den Debatten der Zeitgenossen über ein neues Verständnis von Reichtum und Geld in einer Gesellschaft teil, deren wohlhabender Teil durch einen tiefen Graben von der großen Mehrheit der Armen getrennt war. Der Autor bringt uns die Lebensformen der einfachen Menschen wie der Oberschichten nahe, und der Leser wird Zeuge von deren Nöten und materiellen Alltäglichkeiten. Vor diesem Hintergrund schildert er den welthistorisch bedeutsamen Prozess, der das Ende des Römischen Reiches einleitete und durch den eine ursprünglich der Armut verpflichtete Kirche zu einer wohlhabenden Institution wurde. Ein nuancenreiches und grandioses Panorama einer faszinierenden Epoche, die unsere Wertvorstellungen bis heute prägt. Aus dem Amerikanischen.</marc:subfield>
   </marc:datafield>
   <marc:datafield ind1=" " ind2=" " tag="020">
      <marc:subfield code="a">9783608948493</marc:subfield>
      <marc:subfield code="9">9783608948493</marc:subfield>
   </marc:datafield>
   <marc:datafield ind1=" " ind2=" " tag="020">
      <marc:subfield code="a">360894849X</marc:subfield>
      <marc:subfield code="9">360894849X</marc:subfield>
   </marc:datafield>
   <marc:datafield ind1=" " ind2=" " tag="300">
      <marc:subfield code="a">S. 957</marc:subfield>
   </marc:datafield>
</marc:record>
